Archivo homilético para todas las domínicas y fiestas del año
Guardado en:
| Autores principales: | , |
|---|---|
| Formato: | Libro |
| Lenguaje: | español |
| Publicado: |
Barcelona
Editorial Litúrgica Española
1953
|
| Edición: | 2a. ed |
| Materias: | |
| Etiquetas: |
Agregar Etiqueta
Sin Etiquetas, Sea el primero en etiquetar este registro!
|
MARC
| LEADER | 00000cam a2200000 a 4500 | ||
|---|---|---|---|
| 001 | UCD0266 | ||
| 003 | CL-VaPUC | ||
| 008 | 151120e19530000sp |||||||||||||||||spa|d | ||
| 082 | 0 | 4 | |a 281 |b THI |2 21 |
| 100 | 0 | |a Thiriet, J |e author |9 583255 | |
| 700 | 0 | |a Pezzali, P |e author |9 583256 | |
| 245 | 1 | 0 | |a Archivo homilético para todas las domínicas y fiestas del año |
| 250 | |a 2a. ed | ||
| 300 | |a v | ||
| 942 | |c BK | ||
| 945 | |d 20151120 13:39:00 |a gsalatino | ||
| 260 | |a Barcelona |b Editorial Litúrgica Española |c 1953 | ||
| 650 | 0 | |a Homilética |9 478090 | |
| 650 | 0 | |a Teología |9 258766 | |
| 650 | 0 | |a Cristianismo |9 257361 | |
| 650 | 0 | |a Iglesia |9 255004 | |
| 650 | 0 | |a Archivo |9 553345 | |
| 583 | |a last modification |c 20151120 13:39:00 |k Rodrigo Vera | ||
| 999 | |c 361832 |d 361830 | ||
| 952 | |0 0 |1 0 |3 erd |4 0 |6 281_000000000000000_THI_1953 |7 0 |8 P |9 472556 |a BIBTEO |b BIBTES |c TEO_FTES |h v.1 |i 5270707 |o 281 THI 1953 |p 5270707 |r 2024-01-18 |w 2019-11-24 |y BK |z Catalogado en:20151120 |k ICR | ||
| 952 | |0 0 |1 0 |3 erd |4 0 |6 281_000000000000000_THI_1953 |7 0 |8 P |9 472557 |a BIBTEO |b BIBTES |c TEO_FTES |h v.3 |i 5270715 |o 281 THI 1953 |p 5270715 |r 2024-01-18 |w 2019-11-24 |y BK |z Catalogado en:20151120 |k ICR | ||
| 952 | |0 0 |1 0 |3 erd |4 0 |6 281_000000000000000_THI_1953 |7 0 |8 P |9 472558 |a BIBTEO |b BIBTES |c TEO_FTES |h v.6 |i 5270723 |o 281 THI 1953 |p 5270723 |r 2024-01-18 |w 2019-11-24 |y BK |z Catalogado en:20151120 |k ICR | ||
| 952 | |0 0 |1 0 |3 erd |4 0 |6 281_000000000000000_THI_1953 |7 0 |8 P |9 472559 |a BIBTEO |b BIBTES |c TEO_FTES |h v.7 |i 5270731 |o 281 THI 1953 |p 5270731 |r 2024-01-18 |w 2019-11-24 |y BK |z Catalogado en:20151120 |k ICR | ||
| 952 | |0 0 |1 0 |3 erd |4 0 |6 281_000000000000000_THI_1953 |7 0 |8 P |9 472560 |a BIBTEO |b BIBTES |c TEO_FTES |h v.7 |i 527074K |o 281 THI 1953 |p 527074K |r 2024-01-18 |w 2019-11-24 |y BK |z Catalogado en:20151120 |k ICR | ||
| 952 | |0 0 |1 0 |3 erd |4 0 |6 281_000000000000000_THI_1953 |7 0 |8 P |9 472561 |a BIBTEO |b BIBTES |c TEO_FTES |h v.8 |i 5270758 |o 281 THI 1953 |p 5270758 |r 2024-01-18 |w 2019-11-24 |y BK |z Catalogado en:20151120 |k ICR | ||
| 952 | |0 0 |1 0 |3 erd |4 0 |6 281_000000000000000_THI_1953 |7 0 |8 P |9 472562 |a BIBTEO |b BIBTES |c TEO_FTES |h v.1 |i 5270766 |o 281 THI 1953 |p 5270766 |r 2024-01-18 |w 2019-11-24 |y BK |z Catalogado en:20151120 |k ICR | ||
| 952 | |0 0 |1 0 |3 erd |4 0 |6 281_000000000000000_THI_1953 |7 0 |8 P |9 472563 |a BIBTEO |b BIBTES |c TEO_FTES |h v.2 |i 5270774 |o 281 THI 1953 |p 5270774 |r 2024-01-18 |w 2019-11-24 |y BK |z Catalogado en:20151120 |k ICR | ||
| 952 | |0 0 |1 0 |3 erd |4 0 |6 281_000000000000000_THI_1953 |7 0 |8 P |9 472564 |a BIBTEO |b BIBTES |c TEO_FTES |h v.4 |i 5270782 |o 281 THI 1953 |p 5270782 |r 2024-01-18 |w 2019-11-24 |y BK |z Catalogado en:20151120 |k ICR | ||
| 952 | |0 0 |1 0 |3 erd |4 0 |6 281_000000000000000_THI_1953 |7 0 |8 P |9 472565 |a BIBTEO |b BIBTES |c TEO_FTES |h v.4 |i 5270790 |o 281 THI 1953 |p 5270790 |r 2024-01-18 |w 2019-11-24 |y BK |z Catalogado en:20151120 |k ICR | ||
| 952 | |0 0 |1 0 |3 erd |4 0 |6 281_000000000000000_THI_1953 |7 0 |8 P |9 472566 |a BIBTEO |b BIBTES |c TEO_FTES |h v.5 |i 5270804 |o 281 THI 1953 |p 5270804 |r 2024-01-18 |w 2019-11-24 |y BK |z Catalogado en:20151120 |k ICR | ||
| 952 | |0 0 |1 0 |3 erd |4 0 |6 281_000000000000000_THI_1953 |7 0 |8 P |9 472567 |a BIBTEO |b BIBTES |c TEO_FTES |h v.8 |i 5270812 |o 281 THI 1953 |p 5270812 |r 2024-01-18 |w 2019-11-24 |y BK |z Catalogado en:20151120 |k ICR | ||
| 952 | |0 0 |1 0 |3 erd |4 0 |6 281_000000000000000_THI_1953 |7 0 |8 P |9 472568 |a BIBTEO |b BIBTES |c TEO_FTES |h v.9 |i 5270820 |o 281 THI 1953 |p 5270820 |r 2024-01-18 |w 2019-11-24 |y BK |z Catalogado en:20151120 |k ICR | ||